La carrière de Luis Suarez - Statistiques

Statistiques générales
  • Ce quiz a été pris 109 fois
  • Le résultat moyen est 6 sur 9
Statistiques - réponses
Année Match Club Club % Correct
2014 - 2020 283 198 FC Barcelone
100%
2011 - 2014 133 82 Liverpool FC
97%
2020 - 2022 83 34 Atletico Madrid
91%
2007 - 2011 159 111 Ajax Amsterdam
87%
2024 - actuel 87 42 Inter Miami
81%
2023 - 2024 54 29 Grêmio Porto Alegre
53%
2005 - 2006 34 12 CF Nacional
24%
2022 - 2023 16 8 CF Nacional
23%
2006 - 2007 37 15 FC Groningue
18%
Aucun quiz correspondant
Distribution des résultats
% des personnes avec chaque résultat
Percentile par nombre de réponses
Votre historique - résultats
Vous n’avez pas pris ce quiz